02260nam a2200325 i 4500003000900000005001700009007000300026008004100029040003000070041000800100082001900108110005100127245037700178264015200555300004500707336002700752337003400779338002800813505061300841700004201454700004101496700004701537700005301584700004701637700004101684700004001725700004001765700004501805710008401850DO-SdBNP20250602111506.0ta250602b2023 dr a|||| |||| 00| 0 spa d aDO-SdBNPbspacBNPHUerda aspa 4axxxbF293g2221 aFederación Dominicana de Municipios (FEDOMU)10aGuía para la formulación de los planes municipales de gestión integral de residuos sólidos (PMGIRS) en República Dominicana /cFederación Dominicana de Municipios ; elaboración, Rafael Lorenzo, Leivan Díaz, Russi Vanessa Reyes, Mario Ángel Rodríguez, Beatriz Alcántara, Elvin López, Camilo Tapia, Manuel Marte ; diagramación, Breanna Rodríguez. aSanto Domingo :bFederación Dominicana de Municipios (FEDOMU) ; Fondo Andaluz de Municipios para la Solidaridad Internacional (FAMSI), 202c2023. a61 páginas :bilustraciones ;c28 cm.  atextobtxt2rdacontent asin mediación bn2rdamedia avolumenbnc2rdacarrier aPresentación, 6.-- Glosario de términos, 8.-- Fases del ciclo de la gestión de residuos sólidos urbanos, 10.-- Condiciones previas, 12.-- Guía para la elaboración de los planes municipales de gestión integral de residuos sólidos (PMGIRS) : un paso a paso, 14.-- Diagnóstico de la situación actual de la gestión de los residuos en el municipio, 16.-- Lineamientos estratégicos, 46.-- Plan de monitoreo, control y evaluación, 58.-- Socialización, revisión y aprobación de las matrices que conforman los lineamientos del PMGIRS y el plan e monitoreo, control y evaluación. --611 aLorenzo, Rafaeleelaboración4elab.1 aDíaz, Leivaneelaboración4elab.1 aReyes, Russi Vanessaeelaboración4elab.1 aRodríguez, Mario Ángeleelaboración4elab.1 aAlcántara, Beatrizeelaboración4elab.1 aLópez, Elvineelaboración4elab.1 aTapia, Camiloeelaboración4elab.1 aMarte, Manueleelaboración4elab.1 aRodríguez, Breannaediagramadordi4di.1 aFondo Andaluz de Municipios para la Solidaridad Internacional (FAMSI), 202 2023